A world of water (Record no. 14619)
[ view plain ]
| 000 -LEADER | |
|---|---|
| fixed length control field | 01480nam a2200361Ia 4500 |
| 082 04 - DEWEY DECIMAL CLASSIFICATION NUMBER | |
| Classification number | 304.20959 |
| 245 02 - TITLE STATEMENT | |
| Title | A world of water |
| 260 ## - PUBLICATION, DISTRIBUTION, ETC. (IMPRINT) | |
| Place of publication | Leiden : |
| Name of publisher | KITLV Press, |
| Year of publication | 2007. |
| 300 ## - PHYSICAL DESCRIPTION | |
| Number of Pages | viii, 368 p. : |
| Other physical details | ill., maps. |
| 490 0# - SERIES STATEMENT | |
| Series statement | Verhandelingen van het Koninklijk Instituut voor Taal-, Land- en Volkenkunde ; |
| 650 #0 - SUBJECT ADDED ENTRY--TOPICAL TERM | |
| Topical Term | Ecohydrology |
| Topical Term | Water |
| Topical Term | Water in agriculture |
| Topical Term | Water |
| 700 1# - ADDED ENTRY--PERSONAL NAME | |
| Personal name | Boomgaard, P., |
| 856 40 - ELECTRONIC LOCATION AND ACCESS | |
| Uniform Resource Identifier | http://site.ebrary.com/lib/rucke/Doc?id=10745956 |
No items available.
